000 00353pam a2200157a 44500
008 230515b2010 xxu||||| |||| 00| 0 eng d
020 _aNULL
041 _aENGLISH
082 _a624.1821 SEG
100 _aSEGUAL WILLIAM
245 _aDESIGN OF STEEL STRUCTURES
250 _a1
260 _aNEW DELHI
_bNA
_c2010
300 _a567
650 _aNULL
999 _c639914
_d639914